Marcello Lippi's Italy - Statistics

General Stats
  • This quiz has been taken 17 times
  • The average score is 42 of 90
Answer Stats
Rank Player Position Nationality Matches Goals Assists % Correct
18 Alessandro Nesta Centre-Back 15 0 0
100%
4 Andrea Pirlo Defensive Midfield 38 5 5
100%
15 Francesco Totti Second Striker 16 3 5
100%
9 Gennaro Gattuso Central Midfield 33 0 0
100%
6 Gianluigi Buffon Goalkeeper 34 0 0
100%
10 Luca Toni Centre-Forward 33 10 0
100%
25 Andrea Barzagli Centre-Back 12 0 0
93%
1 Daniele De Rossi Defensive Midfield 41 7 3
93%
2 Fabio Cannavaro Centre-Back 40 0 1
93%
12 Giorgio Chiellini Centre-Back 24 1 1
93%
56 Leonardo Bonucci Centre-Back 2 1 0
93%
13 Marco Materazzi Centre-Back 19 2 0
93%
3 Gianluca Zambrotta Right-Back 40 1 2
86%
20 Alessandro Del Piero Second Striker 15 3 5
79%
36 Christian Vieri Centre-Forward 6 1 0
79%
8 Fabio Grosso Left-Back 33 3 3
79%
17 Simone Perrotta Attacking Midfield 16 0 1
79%
71 Filippo Inzaghi Centre-Forward 2 1 0
71%
34 Massimo Oddo Right-Back 8 0 0
71%
11 Mauro Camoranesi Right Midfield 32 2 6
71%
5 Alberto Gilardino Centre-Forward 38 15 3
64%
16 Antonio Di Natale Centre-Forward 16 3 1
64%
37 Claudio Marchisio Central Midfield 6 0 0
64%
22 Giuseppe Rossi Centre-Forward 14 3 1
64%
76 Massimo Ambrosini Central Midfield 1 0 0
64%
44 Angelo Peruzzi Goalkeeper 4 0 0
57%
61 Antonio Cassano Second Striker 2 0 0
57%
19 Cristian Zaccardo Centre-Back 15 1 0
57%
51 Morgan De Sanctis Goalkeeper 3 0 0
57%
7 Vincenzo Iaquinta Centre-Forward 34 6 1
57%
60 Christian Abbiati Goalkeeper 2 0 0
50%
48 Flavio Roma Goalkeeper 3 0 0
50%
32 Giampaolo Pazzini Centre-Forward 9 1 2
50%
21 Riccardo Montolivo Defensive Midfield 15 0 0
50%
23 Simone Barone Central Midfield 14 1 0
50%
46 Alberto Aquilani Central Midfield 4 2 0
43%
26 Fabio Quagliarella Centre-Forward 12 2 3
43%
49 Fabrizio Miccoli Centre-Forward 3 1 0
43%
33 Federico Marchetti Goalkeeper 8 0 0
43%
35 Manuele Blasi Central Midfield 8 0 0
43%
45 Marco Amelia Goalkeeper 4 0 0
43%
40 Mauro Esposito Right Winger 5 0 1
43%
30 Nicola Legrottaglie Centre-Back 9 0 0
43%
14 Simone Pepe Right Winger 18 0 2
43%
50 Stefano Fiore Attacking Midfield 3 0 0
43%
28 Aimo Diana Right Midfield 11 1 0
36%
86 Alessandro Birindelli Right-Back 1 0 0
36%
81 Alessandro Parisi Left-Back 1 0 0
36%
38 Christian Maggio Right-Back 6 0 0
36%
27 Daniele Bonera Centre-Back 11 0 0
36%
29 Domenico Criscito Left-Back 10 0 1
36%
85 Giampiero Pinzi Central Midfield 1 0 0
36%
67 Giuseppe Favalli Left-Back 2 0 0
36%
82 Marco Borriello Centre-Forward 1 0 0
36%
47 Marco Cassetti Right-Back 4 0 0
36%
43 Salvatore Bocchetti Centre-Back 5 0 0
36%
62 Stefano Mauri Attacking Midfield 2 0 0
36%
31 Andrea Dossena Left Midfield 9 0 0
29%
24 Angelo Palombo Defensive Midfield 13 0 1
29%
57 Antonio Candreva Attacking Midfield 2 0 0
29%
54 Antonio Langella Second Striker 3 0 0
29%
88 Bernardo Corradi Centre-Forward 1 0 0
29%
66 Carmine Coppola Central Midfield 2 0 0
29%
72 Cristiano Lucarelli Centre-Forward 2 1 0
29%
75 Dario Dainelli Centre-Back 1 0 0
29%
78 Ivan Pelizzoli Goalkeeper 1 0 0
29%
64 Marco Di Vaio Centre-Forward 2 0 0
29%
52 Marco Marchionni Right Midfield 3 0 0
29%
55 Matteo Brighi Central Midfield 3 0 1
29%
87 Sergio Pellissier Centre-Forward 1 1 0
29%
39 Alessandro Gamberini Centre-Back 5 0 0
21%
53 David Di Michele Centre-Forward 3 0 0
21%
41 Davide Santon Left-Back 5 0 0
21%
63 Franco Brienza Attacking Midfield 2 0 1
21%
69 Giandomenico Mesto Right Midfield 2 0 0
21%
73 Mattia Cassani Right-Back 2 0 0
21%
84 Roberto Baronio Defensive Midfield 1 0 0
21%
79 Sergio Volpi Central Midfield 1 0 0
21%
65 Vincenzo Montella Centre-Forward 2 0 0
21%
89 Andrea Caracciolo Centre-Forward 1 0 0
14%
58 Andrea Cossu Attacking Midfield 2 0 0
14%
80 Fabio Bazzani Centre-Forward 1 0 0
14%
42 Gaetano D'Agostino Central Midfield 5 0 0
14%
74 Giuseppe Mascara Second Striker 1 0 1
14%
59 Giuseppe Pancaro Right-Back 2 0 0
14%
83 Manuel Pasqual Left-Back 1 0 0
14%
90 Pasquale Foggia Attacking Midfield 1 1 0
14%
70 Daniele Galloppa Central Midfield 2 0 0
7%
68 Davide Biondini Central Midfield 2 0 0
7%
77 Raffaele Palladino Left Winger 1 0 0
7%
No matching quizzes found
Score Distribution
Percent of People with Each Score
Percentile by Number Answered
Your Score History
You have not taken this quiz